Normal view
MARC view
- علي الهاشمي، عبد الرحمن عبد
Entry Personal Name
001 - CONTROL NUMBER
- control field: 22148
003 - CONTROL NUMBER IDENTIFIER
- control field: JO-AjAnu
005 - DATE AND TIME OF LATEST TRANSACTION
- control field: 20230606073828.0
008 - FIXED-LENGTH DATA ELEMENTS
- fixed length control field: 230606|| aca||aabn | a|a d
040 ## - CATALOGING SOURCE
- Original cataloging agency: JO-AjAnu
- Transcribing agency: JO-AjAnu
100 ## - HEADING--PERSONAL NAME
- Personal name: علي الهاشمي، عبد الرحمن عبد
670 ## - SOURCE DATA FOUND
- Source citation: Work cat.: (JO-AjAnu)11383: علي الهاشمي، عبد الرحمن عبد, author, التعبيرفلسفته-واقعه-تدريسه-أساليب تصحيحه